000 00531nam a2200205Ia 4500
003 GCL
008 140319s9999 xx 000 0 eng d
040 _aGCL /
_cGCL
082 0 4 _a291.17834
_bY F
100 1 _aYAMANI, MAI
245 1 0 _aFEMINISM AND ISLAM: LEGAL AND LITERARY PERSPECTIVES /
_cYAMANI, MAI
260 _a[S.N] :
_bITHACA PRESS ،
_c1996
300 _a385 P
650 0 4 _aWOMEN
650 0 4 _aISLAM - WOMEN
650 0 4 _aFEMINISM
650 0 4 _aWOMEN - RELIGION
650 0 4 _aMUSLIM - WOMEN
942 _2ddc
_cBK
999 _c14903
_d14903